LEADER 01372cam0 22002891 450 001 SOBE00067761 005 20211005125447.0 010 $a8870480488 100 $a20211005d1982 |||||ita|0103 ba 101 $aita 102 $aIT 200 1 $aSocialisti nel Mezzogiorno$eVito Mario Stampacchia e le lotte politico-sociali in Puglia nell'eta giolittiana$eantologia documentaria con introduzione e a cura di C. G. Donno 210 $aLecce$cMilella$d1982 215 $a338 p.$c1 ritratto$d21 cm 225 2 $aBiblioteca di storia della società contemporanea$hRicerche e documenti$v9 300 $aIn testa al frontespizio: Archivio per la storia del movimento operaio e contadino nel Mezzogiorno, Istituto V. M. Stampacchia 410 1$1001SOBE00067762$12001 $a*Biblioteca di storia della società contemporanea. Ricerche e documenti$v9 702 1$aDonno, Carmelo Giovanni$3SOBA00021848$4070 801 0$aIT$bUNISOB$c20211005$gRICA 850 $aUNISOB 852 $aUNISOB$jFondo|Craveri$m171605 912 $aSOBE00067761 940 $aM 102 Monografia moderna SBN 941 $aM 957 $aFondo|Craveri$b000629$gSI$d171605$n20191023$hCraveri$rdono$tN$1menle$2UNISOB$3UNISOB$420211005125322.0$520211005125447.0$6menle$fModalità di consultazione sulla home page della Biblioteca link Fondi 996 $aSOCIALISTI nel Mezzogiorno$9655045 997 $aUNISOB